[Event "Kvalifikacije za Sampionat 2015"]
[Site "Kragujevac"]
[Date "2015.03.10"]
[Round "2.1"]
[White "Kovacevic, Aleksandar"]
[Black "Ratkovic, Milovan"]
[Result "1-0"]
[WhiteElo "2517"]
[BlackElo "2364"]
[PlyCount "94"]
[EventDate "2015.??.??"]

1. e4 c5 2. Nf3 d6 3. d4 Nf6 4. Nc3 cxd4 5. Nxd4 Nc6 6. Bg5 e6 7. Qd2 a6 8.
O-O-O Bd7 9. f4 b5 10. Bxf6 gxf6 11. Kb1 Qb6 12. Nce2 Qc5 13. h4 h5 14. Rh3 b4
15. Re3 Be7 16. Nxc6 Bxc6 17. Nd4 Bd7 18. b3 Rg8 19. Bc4 Bb5 20. Bxb5+ axb5 21.
c3 bxc3 22. Rxc3 Qb6 23. Rdc1 Kd7 24. Rc6 Qb7 25. Qe2 Rgc8 26. Rxc8 Rxc8 27.
Rxc8 Kxc8 28. Nxb5 Kd7 29. Nc3 Qc6 30. Kc2 f5 31. exf5 Bxh4 32. fxe6+ fxe6 33.
Qe4 d5 34. Qe5 Qc5 35. Qxh5 Qf2+ 36. Ne2 d4 37. Qb5+ Ke7 38. Qb7+ Kf6 39. Qe4
Kf7 40. Qh7+ Kf8 41. Qe4 Kf7 42. Qf3 Qe1 43. Nxd4 Bf6 44. Qe2 Qa1 45. Qxe6+ Kg7
46. Ne2 Qxa2+ 47. Kd3 Qb1+ 1-0

[Event "Kvalifikacije za Sampionat 2015"]
[Site "Kragujevac"]
[Date "2015.03.10"]
[Round "2.2"]
[White "Misailovic, Nebojsa"]
[Black "Tadic, Branko"]
[Result "1-0"]
[WhiteElo "2323"]
[BlackElo "2496"]
[PlyCount "95"]
[EventDate "2015.??.??"]

1. e4 c5 2. Nf3 a6 3. Be2 Nc6 4. d4 cxd4 5. Nxd4 e5 6. Nb3 Nf6 7. Nc3 Bb4 8.
O-O O-O 9. Nd5 Nxd5 10. exd5 Ne7 11. d6 Nc6 12. a3 Ba5 13. Nxa5 Qxa5 14. b4 Qd8
15. f4 b5 16. fxe5 Qb6+ 17. Rf2 Bb7 18. Bb2 Rae8 19. a4 Nxe5 20. axb5 axb5 21.
Bd4 Qc6 22. Ra5 Nc4 23. Bf3 Qc8 24. Rxb5 Bxf3 25. Rxf3 Re6 26. Rc5 Qe8 27. Qd3
Nxd6 28. Rh5 Ne4 29. h3 Qb8 30. b5 Rfe8 31. c4 h6 32. Rhf5 Nd6 33. Rd5 Re1+ 34.
Rf1 Rxf1+ 35. Qxf1 Re6 36. b6 Qe8 37. Bf2 Rf6 38. Qd3 Qb8 39. Bg3 Qxb6+ 40. c5
Qb2 41. Bxd6 Rf2 42. Qg3 Rf6 43. Be5 Qc1+ 44. Kh2 Rg6 45. Qf3 Qc4 46. Rxd7 Qxc5
47. Qxf7+ Kh7 48. Bxg7 1-0

[Event "Kvalifikacije za Sampionat 2015"]
[Site "Kragujevac"]
[Date "2015.03.10"]
[Round "2.3"]
[White "Zivkovic, Nemanja"]
[Black "Markovic, Miroslav"]
[Result "0-1"]
[WhiteElo "2310"]
[BlackElo "2481"]
[PlyCount "78"]
[EventDate "2015.??.??"]

1. e4 e5 2. Nf3 Qe7 3. Nc3 c6 4. g3 d6 5. Bg2 Nf6 6. O-O b5 7. a3 a6 8. Re1 Qc7
9. h3 Be7 10. d4 O-O 11. Nh4 Re8 12. Be3 Bf8 13. Qd3 Nbd7 14. Rad1 g6 15. f4
Bb7 16. Kh2 Rad8 17. Qf1 exf4 18. gxf4 c5 19. Nd5 Nxd5 20. exd5 Nb6 21. f5 Be7
22. Qf4 Nxd5 23. Bxd5 Bxd5 24. f6 Bf8 25. dxc5 Qc6 26. Nf5 dxc5 27. Qg5 h6 28.
Qh4 Re4 29. Ne7+ Bxe7 30. fxe7 Re8 31. Qg3 R8xe7 32. Bf2 Kh7 33. Rxe4 Rxe4 34.
Rd2 Re8 35. Qc3 Qe6 36. Bxc5 Qe4 37. Qd4 Qh1+ 38. Kg3 Qf3+ 39. Kh2 Re1 0-1

[Event "Kvalifikacije za Sampionat 2015"]
[Site "Kragujevac"]
[Date "2015.03.10"]
[Round "2.4"]
[White "Zajic, Milan"]
[Black "Ilic, Zoran S"]
[Result "1-0"]
[WhiteElo "2475"]
[BlackElo "2295"]
[PlyCount "61"]
[EventDate "2015.??.??"]

1. e4 c5 2. Nf3 e6 3. d4 cxd4 4. Nxd4 Nc6 5. Nxc6 bxc6 6. Bd3 Nf6 7. O-O d5 8.
Nd2 Qc7 9. Qe2 Bd6 10. Nf3 dxe4 11. Bxe4 O-O 12. Bd3 c5 13. Bg5 Nd5 14. Qe4 f5
15. Qe2 Bd7 16. Rfe1 Rab8 17. b3 Nb4 18. Bc4 Kh8 19. a3 Nc6 20. Qd3 e5 21. Nh4
f4 22. Rad1 Nd4 23. c3 e4 24. Rxe4 Nf5 25. Ree1 Rb6 26. Qh3 Nh6 27. Be6 Bxe6
28. Rxe6 Nf7 29. Be7 Qc8 30. Bxd6 Ng5 31. Ng6+ 1-0

[Event "Kvalifikacije za Sampionat 2015"]
[Site "Kragujevac"]
[Date "2015.03.10"]
[Round "2.5"]
[White "Cvetkovic, Srdjan"]
[Black "Milanovic, Danilo"]
[Result "0-1"]
[WhiteElo "2296"]
[BlackElo "2471"]
[PlyCount "90"]
[EventDate "2015.??.??"]

1. c4 e5 2. e3 Nc6 3. a3 f5 4. b4 Nf6 5. Bb2 d6 6. Nc3 Be7 7. b5 Nb8 8. d4 Nbd7
9. Nf3 e4 10. Nd2 c6 11. Be2 O-O 12. O-O c5 13. Nb3 Nb6 14. d5 Nbd7 15. Nd2 Ne5
16. f4 exf3 17. Nxf3 Nfg4 18. Nxe5 Nxe5 19. Bd3 Bg5 20. Qe2 Qe7 21. Rae1 Bd7
22. Nd1 Rae8 23. Bb1 Bh6 24. g3 Ng4 25. Rf3 Qg5 26. Bc1 Qh5 27. Ref1 Ne5 28.
R3f2 Qxe2 29. Rxe2 Nxc4 30. a4 g6 31. Rfe1 Nb6 32. Nf2 Nxa4 33. Ra2 Nc3 34.
Rxa7 Nxb1 35. Rxb7 Bc8 36. Rc7 Nc3 37. b6 Ba6 38. Bb2 Nxd5 39. Ra7 Ra8 40. e4
Nxb6 41. Rxa8 Rxa8 42. exf5 gxf5 43. Re6 Bf8 44. g4 Bc4 45. Rf6 Ra2 0-1

[Event "Kvalifikacije za Sampionat 2015"]
[Site "Kragujevac"]
[Date "2015.03.10"]
[Round "2.6"]
[White "Abramovic, Bosko"]
[Black "Stojanovic, Andjelija"]
[Result "1-0"]
[WhiteElo "2462"]
[BlackElo "2284"]
[PlyCount "145"]
[EventDate "2015.??.??"]

1. e4 e5 2. Nf3 Nc6 3. Bb5 a6 4. Ba4 Nge7 5. c3 g6 6. h4 Bg7 7. h5 d5 8. d3
dxe4 9. dxe4 Qxd1+ 10. Bxd1 Bg4 11. Ng5 Bxd1 12. Kxd1 h6 13. Nf3 O-O-O+ 14. Ke2
f5 15. Nbd2 g5 16. exf5 e4 17. Nxe4 Nxf5 18. g4 Rhe8 19. gxf5 Rxe4+ 20. Be3 Ne7
21. Rad1 Re8 22. Nd4 Bxd4 23. Rxd4 Rxd4 24. cxd4 Nxf5 25. Kf3 Kd7 26. a4 Nh4+
27. Ke2 Nf5 28. Kd3 Kd6 29. Rg1 Re6 30. Rc1 c6 31. b4 Ng7 32. Rh1 Kd5 33. Bxg5
Nf5 34. Be3 Re4 35. Rc1 Rh4 36. Rc5+ Ke6 37. b5 cxb5 38. axb5 axb5 39. Re5+ Kf6
40. Rxb5 Rxh5 41. Rb6+ Ke7 42. Rxb7+ Ke6 43. Rb6+ Kd5 44. Rb5+ Ke6 45. Bf4 Rh4
46. d5+ Kd7 47. Rb7+ Kc8 48. Rb8+ Kd7 49. Be5 Ra4 50. Rb7+ Ke8 51. Rh7 Ra2 52.
f3 Ra4 53. Rb7 Ne7 54. d6 Nc6 55. f4 h5 56. Rc7 Nb4+ 57. Kd2 Nd5 58. Rh7 Kd8
59. f5 Re4 60. Rh8+ Kd7 61. Rh7+ Kd8 62. Bg3 Nf6 63. Rf7 Ne8 64. Kd3 Rg4 65.
Be5 Rg1 66. Kc4 Rd1 67. Kc5 h4 68. Kc6 h3 69. Rd7+ Kc8 70. Rh7 Re1 71. d7+ Kd8
72. dxe8=Q+ Kxe8 73. Kd5 1-0

[Event "Kvalifikacije za Sampionat 2015"]
[Site "Kragujevac"]
[Date "2015.03.10"]
[Round "2.7"]
[White "Irizanin, Radoje"]
[Black "Antic, Dejan"]
[Result "0-1"]
[WhiteElo "2295"]
[BlackElo "2457"]
[PlyCount "80"]
[EventDate "2015.??.??"]

1. e4 c5 2. f4 e6 3. Nf3 d5 4. e5 Nc6 5. c3 Nh6 6. Na3 c4 7. b3 Qa5 8. b4 Qb6
9. d4 Bd7 10. Rb1 Be7 11. Nc2 f6 12. Be2 O-O 13. O-O Be8 14. a4 Bg6 15. Ra1 Be4
16. Ne3 fxe5 17. a5 Qc7 18. fxe5 b6 19. Nd2 Bg6 20. Nf3 bxa5 21. b5 Nd8 22. Qa4
Nb7 23. Ba3 Nf5 24. Nxf5 Bxf5 25. Nd2 Qd7 26. g4 Bd3 27. Bxd3 cxd3 28. c4 Rxf1+
29. Nxf1 dxc4 30. Bxe7 Qxd4+ 31. Kh1 Qe4+ 32. Kg1 Qxg4+ 33. Kh1 Qe4+ 34. Kg1
Qd4+ 35. Kh1 Qxe5 36. Rc1 Qd5+ 37. Kg1 Rc8 38. Qa3 c3 39. Bh4 d2 40. Rd1 Qd4+
0-1

[Event "Kvalifikacije za Sampionat 2015"]
[Site "Kragujevac"]
[Date "2015.03.10"]
[Round "2.8"]
[White "Ristic, Nenad"]
[Black "Jovanovic, Bojan P"]
[Result "0-1"]
[WhiteElo "2437"]
[BlackElo "2261"]
[PlyCount "112"]
[EventDate "2015.03.09"]

1. e4 e6 2. d4 d5 3. Nd2 Nf6 4. e5 Nfd7 5. Bd3 c5 6. c3 Nc6 7. Ngf3 Qb6 8. O-O
Be7 9. Re1 g5 10. dxc5 Qc7 11. Nb3 h6 12. Qe2 Nxc5 13. Nxc5 Bxc5 14. b4 Bf8 15.
h3 Bd7 16. a3 Bg7 17. c4 dxc4 18. Bxc4 Rc8 19. Bd3 Ne7 20. Be3 Nd5 21. Rac1 Qb8
22. Rxc8+ Qxc8 23. Rc1 Qb8 24. Bb5 a6 25. Bxd7+ Kxd7 26. b5 Rc8 27. Re1 Qa8 28.
Bd2 Rc5 29. Qd3 axb5 30. Bb4 Rc4 31. Nd2 Rc6 32. Nb3 Bf8 33. Qxb5 Nxb4 34. axb4
Qa6 35. Rd1+ Kc7 36. Nd4 Qxb5 37. Nxb5+ Kb6 38. Nd6 Bxd6 39. exd6 Rc8 40. f4
Rd8 41. fxg5 hxg5 42. g3 Kc6 43. h4 gxh4 44. gxh4 Rxd6 45. Rf1 Rd4 46. b5+ Kb6
47. Rxf7 Rxh4 48. Kf2 Rb4 49. Re7 Rxb5 50. Rxe6+ Ka5 51. Re1 Rf5+ 52. Kg3 b5
53. Kg4 Rc5 54. Kf4 b4 55. Ke4 b3 56. Kd3 Kb4 0-1

[Event "Kvalifikacije za Sampionat 2015"]
[Site "Kragujevac"]
[Date "2015.03.10"]
[Round "2.9"]
[White "Rajkovic, Mladen"]
[Black "Tosic, Miroslav"]
[Result "1-0"]
[WhiteElo "2266"]
[BlackElo "2413"]
[PlyCount "56"]
[EventDate "2015.03.09"]

1. e4 c5 2. Nf3 e6 3. c4 d6 4. Nc3 Nf6 5. d4 cxd4 6. Nxd4 Be7 7. Be2 O-O 8. Be3
a6 9. O-O Qc7 10. Rc1 Nbd7 11. a3 b6 12. b4 Bb7 13. f3 Rfe8 14. Qd2 Rac8 15.
Rfd1 Qb8 16. Nb3 h6 17. Bf1 Ba8 18. Qf2 Bf8 19. Na4 d5 20. exd5 Bd6 21. g3 Ne5
22. Nxb6 exd5 23. Be2 dxc4 24. Nxc8 Rxc8 25. Nc5 Bd5 26. Bd4 Qa8 27. Rc3 a5 28.
Re3 Ned7 {....} 1-0

[Event "Kvalifikacije za Sampionat 2015"]
[Site "Kragujevac"]
[Date "2015.03.10"]
[Round "2.10"]
[White "Radovanovic, Nikola"]
[Black "Rancic, Zoran"]
[Result "1/2-1/2"]
[WhiteElo "2399"]
[BlackElo "2224"]
[PlyCount "80"]
[EventDate "2015.03.09"]

1. e4 d5 2. exd5 Qxd5 3. Nc3 Qd8 4. d4 e6 5. Nf3 Nf6 6. Bg5 Be7 7. Bc4 Nbd7 8.
Qe2 Nb6 9. Bb3 O-O 10. Rd1 c6 11. O-O Nfd5 12. Ne4 Bxg5 13. Nfxg5 h6 14. Nf3
Qc7 15. c4 Ne7 16. Bc2 Bd7 17. b3 Rae8 18. Nc5 Bc8 19. Qd3 f5 20. Ne5 Rf6 21.
Qg3 Na8 22. Rfe1 Qd8 23. Ncd3 Kh7 24. Nf4 g6 25. h4 Nc7 26. Nh3 Rg8 27. f4 Ne8
28. Kf2 Rff8 29. Qc3 Nf6 30. Kg1 Rg7 31. Re2 Qc7 32. Nf3 Neg8 33. Qe1 Nh5 34.
g3 Ngf6 35. Ne5 Ng4 36. Kg2 Nhf6 37. Nf2 Nxf2 38. Qxf2 Rd8 39. Red2 Qa5 40. a4
Qc7 1/2-1/2

[Event "Kvalifikacije za Sampionat 2015"]
[Site "Kragujevac"]
[Date "2015.03.10"]
[Round "2.11"]
[White "Stankovic, Ivan G"]
[Black "Zlatanovic, Boroljub"]
[Result "0-1"]
[WhiteElo "2243"]
[BlackElo "2382"]
[PlyCount "110"]
[EventDate "2015.03.09"]

1. e4 e6 2. d3 d5 3. Qe2 Ne7 4. Nf3 b6 5. g3 dxe4 6. dxe4 Ba6 7. c4 Nbc6 8. Nc3
Ng6 9. Bd2 Nge5 10. Nxe5 Nxe5 11. b3 Qd4 12. O-O-O O-O-O 13. Be1 Ba3+ 14. Kc2
Nc6 15. Bg2 Bb7 16. f4 Qxd1+ 17. Qxd1 Rxd1 18. Kxd1 Rd8+ 19. Bd2 Bb4 20. Kc1
Nd4 21. Re1 b5 22. cxb5 Nxb5 23. Nb1 Bc5 24. b4 Bf2 25. Re2 Bg1 26. e5 Nd4 27.
Bxb7+ Kxb7 28. Rg2 Nf3 29. Bc3 c5 30. bxc5 Kc6 31. Nd2 Be3 32. Re2 Nxd2 33.
Bxd2 Bxd2+ 34. Rxd2 Rxd2 35. Kxd2 Kxc5 36. Kc3 g5 37. h3 Kd5 38. Kd3 gxf4 39.
gxf4 h6 40. h4 h5 41. Ke3 Kc4 42. Ke4 a5 43. f5 a4 44. fxe6 fxe6 45. Kf4 Kd4
46. a3 Kd5 47. Kg5 Kxe5 48. Kxh5 Kf5 49. Kh6 e5 50. h5 e4 51. Kg7 e3 52. h6 e2
53. h7 e1=Q 54. h8=Q Qe7+ 55. Kh6 Qg5+ 0-1

[Event "Kvalifikacije za Sampionat 2015"]
[Site "Kragujevac"]
[Date "2015.03.10"]
[Round "2.12"]
[White "Rabrenovic, Vladan"]
[Black "Milosevic, Rade"]
[Result "1-0"]
[WhiteElo "2373"]
[BlackElo "2095"]
[PlyCount "72"]
[EventDate "2015.03.09"]

1. d4 Nf6 2. c4 e6 3. Nc3 Bb4 4. g3 Nc6 5. Bg2 d6 6. Nf3 O-O 7. O-O Bxc3 8.
bxc3 Qe7 9. c5 e5 10. cxd6 cxd6 11. Ba3 e4 12. Nd2 Bf5 13. Nc4 Rfd8 14. Ne3 Bg6
15. c4 Qd7 16. d5 Ne7 17. Qb3 b6 18. Bb2 Ne8 19. a4 Rdb8 20. Qc3 f6 21. Qc2 f5
22. Bd4 Rc8 23. Qb2 Rab8 24. Bh3 a6 25. Bxb6 Nf6 26. Qd4 h6 27. a5 Rb7 28. f3
exf3 29. Rxf3 Rf8 30. Raf1 Rbb8 31. Bg2 Nc8 32. h4 Nxb6 33. axb6 Qd8 34. h5
Bxh5 35. Nxf5 Bg6 36. e4 Bxf5 {...} 1-0

[Event "Kvalifikacije za Sampionat 2015"]
[Site "Kragujevac"]
[Date "2015.03.10"]
[Round "2.13"]
[White "Pavlovic, Milos"]
[Black "Bozilov, Dragan"]
[Result "1-0"]
[WhiteElo "2482"]
[BlackElo "1979"]
[PlyCount "93"]
[EventDate "2015.03.09"]

1. Nf3 Nf6 2. c4 c5 3. Nc3 b6 4. g3 Bb7 5. Bg2 g6 6. d4 cxd4 7. Qxd4 Bg7 8. O-O
O-O 9. Qh4 Qc8 10. Bg5 d6 11. Rac1 Nbd7 12. Rfd1 Re8 13. Nd5 Bxd5 14. cxd5 Qa6
15. Qc4 Qxc4 16. Rxc4 Rac8 17. Rxc8 Rxc8 18. Nd4 h6 19. Nc6 Kf8 20. Bd2 Ng4 21.
b4 a6 22. a4 Nge5 23. Rc1 g5 24. h3 Ke8 25. f4 gxf4 26. gxf4 Ng6 27. e4 Nh4 28.
Bh1 Bb2 29. Re1 e6 30. Kf2 Nf6 31. Rb1 exd5 32. exd5 Rxc6 33. dxc6 Bd4+ 34. Ke2
d5 35. Kd3 Bf2 36. Rf1 Bg3 37. Bc3 Nh5 38. Be5 f6 39. Bb8 Ng6 40. Bxd5 Ngxf4+
41. Bxf4 Nxf4+ 42. Kc4 b5+ 43. axb5 axb5+ 44. Kc5 Bf2+ 45. Rxf2 Nd3+ 46. Kd6
Nxf2 47. c7 1-0

[Event "Kvalifikacije za Sampionat 2015"]
[Site "Kragujevac"]
[Date "2015.03.10"]
[Round "2.14"]
[White "Jovanovic, Sasa T"]
[Black "Pavlovic, Goran"]
[Result "1/2-1/2"]
[WhiteElo "2222"]
[BlackElo "2368"]
[PlyCount "48"]
[EventDate "2015.03.09"]

1. d4 Nf6 2. c4 g6 3. Nc3 Bg7 4. e4 d6 5. Nf3 O-O 6. Be2 e5 7. O-O Nbd7 8. Qc2
c6 9. Rd1 Qe7 10. d5 c5 11. a3 h6 12. b4 Nh7 13. g3 b6 14. Nh4 Ndf6 15. bxc5
bxc5 16. Bd2 Kh8 17. Rab1 Ng8 18. Qa4 Bf6 19. Nf3 Ng5 20. Nxg5 Bxg5 21. Qc6 Bd7
22. Qa6 Bc8 23. Qc6 Bd7 24. Qa6 Bc8 1/2-1/2

[Event "Kvalifikacije za Sampionat 2015"]
[Site "Kragujevac"]
[Date "2015.03.10"]
[Round "2.15"]
[White "Novoselski, Zoran"]
[Black "Simic, Petar S"]
[Result "1-0"]
[WhiteElo "2365"]
[BlackElo "1904"]
[PlyCount "95"]
[EventDate "2015.03.09"]

1. d4 Nf6 2. c4 c5 3. d5 b5 4. cxb5 a6 5. b6 d6 6. Nc3 g6 7. Nf3 Nbd7 8. e4
Qxb6 9. Nd2 Bg7 10. Nc4 Qc7 11. f4 O-O 12. Be2 Nb6 13. O-O Nxc4 14. Bxc4 Ng4
15. Qe1 Bd4+ 16. Kh1 Rb8 17. h3 Nf6 18. Rf3 Kh8 19. b3 Bd7 20. a4 e6 21. Be3
exd5 22. Bxd4 cxd4 23. Nxd5 Nxd5 24. exd5 a5 25. Qd2 Qc5 26. Rd3 Rfe8 27. Rxd4
Bf5 28. Bb5 Re4 29. Rc4 Qe3 30. Qxe3 Rxe3 31. b4 Be4 32. bxa5 Bxd5 33. Rd4 Ba8
34. Kh2 d5 35. f5 Kg7 36. fxg6 fxg6 37. Rc1 Re7 38. a6 Ra7 39. Rd2 Rf8 40. Kg3
Rff7 41. Rc8 Rf8 42. Rxf8 Kxf8 43. Kf4 Kf7 44. Ke5 Ke7 45. Rc2 Kd8 46. Kd6 Rf7
47. Re2 Rf6+ 48. Kc5 1-0

[Event "Kvalifikacije za Sampionat 2015"]
[Site "Kragujevac"]
[Date "2015.03.10"]
[Round "2.16"]
[White "Jevtic, Miroljub"]
[Black "Ugrenovic, Bozidar"]
[Result "0-1"]
[WhiteElo "1998"]
[BlackElo "2194"]
[PlyCount "120"]
[EventDate "2015.03.09"]

1. d4 Nf6 2. Nf3 c5 3. e3 g6 4. Nc3 Bg7 5. Bd2 b6 6. Bd3 Bb7 7. O-O O-O 8. dxc5
bxc5 9. e4 Nc6 10. a3 d6 11. Nd5 Nd7 12. Bc3 Nd4 13. Re1 Rc8 14. Bc4 e6 15. Nf4
Qf6 16. Nh3 Nxf3+ 17. gxf3 Qe7 18. Bxg7 Kxg7 19. f4 Nf6 20. f3 Rfd8 21. Qe2 Nh5
22. Qe3 Qf6 23. c3 d5 24. exd5 exd5 25. Bf1 d4 26. Qe7 Bxf3 27. Ng5 Bg4 28. h3
Bf5 29. Bc4 Rd7 30. Qe5 Qxe5 31. fxe5 h6 32. e6 fxe6 33. Nxe6+ Kf6 34. Rf1 Rd6
35. Nf4 Nxf4 36. Rxf4 d3 37. Rd1 d2 38. Rf2 Rcd8 39. Bb3 Kg5 40. Kh2 Rb8 41.
Rg1+ Kf6 42. Bc2 Rxb2 43. Bxf5 gxf5 44. Rd1 Rc2 45. a4 a5 46. Kg2 Rd3 47. h4 h5
48. Re2 Rcxc3 49. Rexd2 Rxd2+ 50. Rxd2 Rc4 51. Kg3 Rg4+ 52. Kh3 Rxa4 53. Rd6+
Ke5 54. Rc6 Rc4 55. Kg3 a4 56. Ra6 Rc3+ 57. Kf2 a3 58. Ra4 Rc2+ 59. Ke3 a2 60.
Re4+ Kd5 0-1

[Event "Kvalifikacije za Sampionat 2015"]
[Site "Kragujevac"]
[Date "2015.03.10"]
[Round "2.17"]
[White "Ilic, Slobodan S"]
[Black "Sorgic, Dragan"]
[Result "1/2-1/2"]
[WhiteElo "1956"]
[BlackElo "2220"]
[PlyCount "101"]
[EventDate "2015.03.09"]

1. Nf3 Nf6 2. c4 g6 3. Nc3 Bg7 4. g3 d6 5. Bg2 O-O 6. O-O e5 7. d3 Nc6 8. Bg5
h6 9. Bxf6 Bxf6 10. Rb1 a5 11. a3 Bg7 12. Nd2 Ne7 13. Qc2 Nf5 14. e3 c6 15. b4
axb4 16. axb4 Be6 17. Nb3 Ne7 18. b5 f5 19. Ne2 cxb5 20. cxb5 Qd7 21. Qd2 Ra3
22. Na5 d5 23. d4 Ra8 24. Nb3 Ra2 25. Qd1 b6 26. dxe5 Bxe5 27. Nbd4 Bf7 28. Qd3
Rc8 29. Ra1 Qa7 30. Rxa2 Qxa2 31. h4 h5 32. Rb1 Bd6 33. Qd1 Ra8 34. Nb3 Rc8 35.
Ned4 Bc5 36. Ra1 Qb2 37. Rb1 Qa3 38. Nf3 Qa4 39. Bf1 Qa7 40. Ra1 Qc7 41. Ng5
Bxe3 42. fxe3 Qxg3+ 43. Bg2 Qxe3+ 44. Kh1 Rc4 45. Nf3 Qf2 46. Nbd4 Nc8 47. Ra8
Qe3 48. Kh2 Qf4+ 49. Kh3 Qg4+ 50. Kh2 Qf4+ 51. Kh3 1/2-1/2

[Event "Kvalifikacije za Sampionat 2015"]
[Site "Kragujevac"]
[Date "2015.03.10"]
[Round "2.18"]
[White "Stojanovic, Zlatko"]
[Black "Trpkovic, Miroljub"]
[Result "1-0"]
[WhiteElo "2218"]
[BlackElo "1940"]
[PlyCount "41"]
[EventDate "2015.03.09"]

1. e4 c5 2. Nf3 Nc6 3. d4 cxd4 4. Nxd4 a6 5. Nc3 e6 6. Nxc6 bxc6 7. Bd3 Bb7 8.
O-O Nf6 9. Re1 d5 10. Qf3 d4 11. Nb1 e5 12. Nd2 Be7 13. Nc4 Nd7 14. Qg3 Qc7 15.
f4 Bf6 16. fxe5 Bxe5 17. Nxe5 Qxe5 18. Bf4 Qe6 19. Qxg7 O-O-O 20. Qxd4 Nb8 21.
Qa7 1-0

[Event "Kvalifikacije za Sampionat 2015"]
[Site "Kragujevac"]
[Date "2015.03.10"]
[Round "2.19"]
[White "Djokic, Nebojsa"]
[Black "Stojanovic, Vladimir M"]
[Result "1-0"]
[WhiteElo "2186"]
[BlackElo "1911"]
[PlyCount "55"]
[EventDate "2015.03.09"]

1. e4 d6 2. Nc3 Nf6 3. f4 e5 4. Nf3 Nbd7 5. d4 exf4 6. Bxf4 Be7 7. Bc4 O-O 8.
O-O c6 9. Bb3 Nb6 10. Qd3 Bg4 11. Rae1 Bxf3 12. Qxf3 d5 13. e5 Ne8 14. Ne2 Nc7
15. c3 a5 16. Bc2 Ne6 17. Qh3 g6 18. Bh6 Ng7 19. Nf4 Bg5 20. Bxg7 Kxg7 21. Nh5+
Kh8 22. Nf6 h6 23. Rf3 Kg7 24. Qg4 Bxf6 25. Rxf6 Qe7 26. Bxg6 fxg6 27. Qxg6+
Kh8 28. Qxh6+ 1-0

[Event "Kvalifikacije za Sampionat 2015"]
[Site "Kragujevac"]
[Date "2015.03.10"]
[Round "2.20"]
[White "Crnkovic, Predrag"]
[Black "Petrovic, Dragan R"]
[Result "0-1"]
[WhiteElo "1881"]
[BlackElo "2180"]
[PlyCount "82"]
[EventDate "2015.03.09"]

1. Nf3 d6 2. d4 Nf6 3. g3 g6 4. b3 Bg7 5. Bb2 O-O 6. Bg2 a5 7. Nbd2 Na6 8. e4
c6 9. O-O d5 10. e5 Ne8 11. Ne1 a4 12. a3 axb3 13. cxb3 Qb6 14. b4 f6 15. f4
fxe5 16. fxe5 Bxe5 17. Rxf8+ Kxf8 18. Qf3+ Bf6 19. Nb3 Nd6 20. Kh1 Kg8 21. Nd3
Bf5 22. Ndc5 Rf8 23. Qe2 Nc7 24. g4 Bc8 25. Rf1 Qb5 26. Qxb5 Ncxb5 27. a4 Nc7
28. h3 b6 29. Nd3 Nc4 30. Bc1 Bd7 31. g5 Bg7 32. Rxf8+ Kxf8 33. a5 bxa5 34.
bxa5 Nb5 35. a6 Ke8 36. Bf4 Kd8 37. Bb8 Nxd4 38. a7 Nb6 39. Nbc5 Bf5 40. Na6
Nb5 41. Nab4 Bd7 {...} 0-1

[Event "Kvalifikacije za Sampionat 2015"]
[Site "Kragujevac"]
[Date "2015.03.10"]
[Round "2.21"]
[White "Pecinar, Zoran"]
[Black "Ratkovic, Petar"]
[Result "1-0"]
[WhiteElo "2169"]
[BlackElo "1816"]
[PlyCount "95"]
[EventDate "2015.03.09"]

1. d4 d5 2. Nf3 Nf6 3. g3 c6 4. Bg2 Bf5 5. O-O e6 6. b3 Be7 7. Bb2 Nbd7 8. Nbd2
O-O 9. c4 a5 10. c5 b6 11. cxb6 Qxb6 12. Bc3 h6 13. Ne5 Nxe5 14. dxe5 Nd7 15.
Kh1 Rad8 16. f4 f6 17. Nf3 Be4 18. Qd2 Ra8 19. exf6 Bxf6 20. Ne5 Bxg2+ 21. Kxg2
Nxe5 22. fxe5 Bg5 23. Qd4 c5 24. Qg4 d4 25. Bb2 a4 26. h4 Be3 27. Rf6 Kh8 28.
Rf3 axb3 29. axb3 Qxb3 30. Bc1 Qd1 31. Rxa8 Qxe2+ 32. Kh3 Rxa8 33. Rf8+ Rxf8
34. Qxe2 Bxc1 35. Qc4 Be3 36. Qxc5 Re8 37. Qc6 Rd8 38. Qc7 Rf8 39. Qd6 Re8 40.
Qd7 Rg8 41. Kg4 g5 42. h5 Rg7 43. Qe8+ Kh7 44. Qxe6 Ra7 45. Qg6+ Kh8 46. Qxh6+
Kg8 47. Qg6+ Kh8 48. e6 1-0

[Event "Kvalifikacije za Sampionat 2015"]
[Site "Kragujevac"]
[Date "2015.03.10"]
[Round "2.22"]
[White "Gagic, Miroljub"]
[Black "Radosavljevic, Slobodan D"]
[Result "0-1"]
[WhiteElo "1803"]
[BlackElo "2156"]
[PlyCount "58"]
[EventDate "2015.03.09"]

1. Nf3 Nf6 2. g3 g6 3. Bg2 Bg7 4. O-O O-O 5. d4 d6 6. b3 c5 7. Bb2 Ne4 8. c4
Nc6 9. e3 Bg4 10. Qc2 f5 11. Rd1 cxd4 12. exd4 e5 13. h3 Bxf3 14. Bxf3 Nxd4 15.
Rxd4 exd4 16. Bxe4 fxe4 17. Qxe4 Qf6 18. f4 Rae8 19. Qd5+ Kh8 20. Nd2 Re2 21.
Rd1 Qe7 22. Bxd4 Bxd4+ 23. Qxd4+ Qf6 24. Ne4 Qxd4+ 25. Rxd4 Re8 26. Nxd6 R8e3
27. f5 Rxa2 28. Rf4 Rxg3+ 29. Kf1 Rxb3 0-1

[Event "Kvalifikacije za Sampionat 2015"]
[Site "Kragujevac"]
[Date "2015.03.10"]
[Round "2.23"]
[White "Zivanovic, Nenad"]
[Black "Filipovic, Tomislav S"]
[Result "1-0"]
[WhiteElo "2136"]
[BlackElo "1801"]
[PlyCount "67"]
[EventDate "2015.03.09"]

1. e4 e6 2. d4 d5 3. Nc3 Nf6 4. e5 Nfd7 5. Nce2 c5 6. c3 Be7 7. Nf3 Nc6 8. Nf4
cxd4 9. cxd4 O-O 10. Bd3 Re8 11. O-O g6 12. g3 Nb6 13. h4 Bd7 14. Kg2 Kg7 15.
Rh1 f6 16. exf6+ Bxf6 17. h5 g5 18. h6+ Kg8 19. Nh5 e5 20. Nxf6+ Qxf6 21. Bxg5
Qf7 22. Nxe5 Nxe5 23. dxe5 Rxe5 24. Bf4 Ree8 25. Rh5 Qf6 26. Rg5+ Kh8 27. Qh5
Re7 28. Rg7 Be8 29. Qg5 Qxg5 30. Bxg5 Rxg7 31. Bf6 Kg8 32. Bxg7 Bc6 33. Bd4 Re8
34. Rh1 1-0

[Event "Kvalifikacije za Sampionat 2015"]
[Site "Kragujevac"]
[Date "2015.03.10"]
[Round "2.24"]
[White "Gajic, Aleksa"]
[Black "Jokic, Miodrag"]
[Result "1/2-1/2"]
[WhiteElo "1795"]
[BlackElo "2100"]
[PlyCount "69"]
[EventDate "2015.03.09"]

1. d4 d5 2. Bf4 Nf6 3. e3 e6 4. Nf3 Bd6 5. Bxd6 cxd6 6. Nbd2 O-O 7. Be2 Nc6 8.
c4 a6 9. O-O dxc4 10. Bxc4 b5 11. Be2 Bb7 12. a4 b4 13. a5 Nxa5 14. Qa4 Nc6 15.
Rfc1 Qb6 16. Nc4 Qc7 17. Rc2 Nd5 18. Rac1 Rfc8 19. Ng5 Nde7 20. Nd2 h6 21. Nge4
Nd5 22. Nc4 b3 23. Qxb3 Ndb4 24. Ncxd6 Nxc2 25. Nxc8 N6xd4 26. exd4 Bxe4 27.
Bf3 Bxf3 28. Rxc2 Bd5 29. Rxc7 Bxb3 30. Nd6 f6 31. Rc8+ Rxc8 32. Nxc8 Kf8 33.
Kf1 Bd5 34. Nb6 Bc6 35. f3 {...} 1/2-1/2

[Event "Kvalifikacije za Sampionat 2015"]
[Site "Kragujevac"]
[Date "2015.03.10"]
[Round "2.25"]
[White "Colovic, Zoran"]
[Black "Zivkovic, Vladisa"]
[Result "1-0"]
[WhiteElo "2066"]
[BlackElo "1787"]
[PlyCount "71"]
[EventDate "2015.03.09"]

1. e4 e5 2. Nf3 d6 3. Bc4 Be7 4. d4 exd4 5. Nxd4 Nf6 6. Nc3 a6 7. O-O O-O 8.
Re1 b5 9. Bf1 Re8 10. Bg5 Ng4 11. Bxe7 Qxe7 12. h3 Nf6 13. Qf3 Bb7 14. Nd5 Bxd5
15. exd5 Qxe1 16. Rxe1 Rxe1 17. Qc3 Ra1 18. Qxc7 Nbd7 19. Nf5 Re8 20. g4 g6 21.
Ne3 Ne5 22. Qxd6 Ne4 23. Qb6 Nd2 24. Kg2 Nxf1 25. Nxf1 Nc4 26. Qxa6 Ree1 27.
Qxb5 Ne5 28. d6 Kg7 29. f4 Nd7 30. a4 Nf6 31. Ng3 Rad1 32. Qc6 Rd2+ 33. Kf3
Red1 34. Qc3 Rd4 35. Ne2 Nd5 36. Qxd4+ 1-0

[Event "Kvalifikacije za Sampionat 2015"]
[Site "Kragujevac"]
[Date "2015.03.10"]
[Round "2.26"]
[White "Pavlasevic, Dragisa"]
[Black "Dodic, Dragan"]
[Result "1-0"]
[WhiteElo "1751"]
[BlackElo "2060"]
[PlyCount "49"]
[EventDate "2015.03.09"]

1. e4 c6 2. d4 d5 3. Nc3 dxe4 4. Nxe4 Bf5 5. Ng3 Bg6 6. h4 h6 7. h5 Bh7 8. Nf3
Nd7 9. Bd3 Bxd3 10. Qxd3 e6 11. Bf4 Qa5+ 12. c3 Ngf6 13. Bd2 Be7 14. b4 Qa3 15.
Qc2 a5 16. Bc1 axb4 17. Bxa3 Rxa3 18. cxb4 Bxb4+ 19. Nd2 O-O 20. O-O Rfa8 21.
Nb1 R3a5 22. a3 Bd6 23. Nd2 Nxh5 24. Nc4 Nxg3 25. fxg3 1-0